[Event "SRB-chT"]
[Site "Kragujevac"]
[Date "2015.08.23"]
[Round "4.1"]
[White "Atalik, Suat"]
[Black "Dreev, Alexey"]
[Result "1/2-1/2"]
[WhiteElo "2565"]
[BlackElo "2638"]
[Annotator "Atalik,S"]
[PlyCount "63"]
[EventDate "2015.08.20"]
[EventType "team-tourn"]
[EventRounds "11"]
[EventCountry "YUG"]
[SourceTitle "EXT 2016"]
[Source "ChessBase"]
[SourceDate "2015.10.08"]
[SourceVersion "1"]
[SourceVersionDate "2015.10.08"]
[SourceQuality "1"]
[WhiteTeam "Kraljevo Sloga Turist"]
[BlackTeam "Novosadski DDOR"]
[WhiteTeamCountry "SRB"]
[BlackTeamCountry "SRB"]

1. d4 d5 2. c4 c6 3. Nf3 Nf6 4. Nc3 e6 5. Bg5 Nbd7 {My opponent completely
switched into a Cambridge Springs player recently.} (5... h6 6. Bh4 dxc4 7. e4
g5 8. Bg3 b5 9. Be2 Bb7 {is the gambit line in which I have lost with White
against him in Sarajevo 2001.}) 6. e3 Qa5 7. Nd2 Bb4 (7... dxc4 8. Bxf6 Nxf6 9.
Nxc4 Qc7 10. Rc1 Be7 11. g3 O-O 12. Bg2 Rd8 13. O-O Bd7 14. e4 $5 {is becoming
more and more popular these days.}) 8. Qc2 O-O 9. Be2 c5 10. Bf4 $1 {Najer's
move is the real test for the whole line.} b6 $146 {Refusing the gambit he
goes for a logical line.} ({I have spent some time trying to understand} 10...
cxd4 11. exd4 dxc4 12. Nxc4 Qd5 13. O-O $1 Qxd4 14. Bg3 Bxc3 15. bxc3 Qe4 16.
Qb2 $44 {seen in the very first game with the idea namely Najer-Bareev, Sochi
2006.}) 11. O-O Bxc3 12. bxc3 Ba6 13. a4 $1 {Probing the vulnerability of
Black's queen.} cxd4 14. cxd4 Rfc8 15. Qa2 {Too quick to break the vertical
pin.} (15. Rfc1 $5 Rc6 16. e4 $1 Rac8 (16... dxc4 $2 17. Nxc4 Qb4 18. Bd6 Rxd6
19. Nxd6 Bxe2 20. e5 $16) (16... dxe4 17. Nxe4 Nxe4 18. Qxe4 Rac8 19. Bd3 Qh5
20. a5 bxa5 (20... b5 $2 21. Be2 $1) 21. f3 $14) 17. e5 Ne8 18. Ra3 Nf8 19. Rc3
$14 {with advantage in all lines.}) 15... dxc4 16. Nxc4 Qd5 17. Rfc1 g5 $1 18.
Bg3 Ne4 {Now White also has to be careful with pins and cross-pins.} 19. Rc2 (
19. Qb1 $142 Nxg3 20. hxg3 Bxc4 21. Bf3 Ba2 22. Qb2 Qb3 23. Qxb3 Bxb3 24. Bxa8
Rxa8 25. e4 {is a crazy computer line based on catching the bishop.} Nf6 26.
Ra3 Bd5 27. exd5 Nxd5 $16) (19. Bf3 $2 Rxc4) 19... Rc6 20. Ne5 $6 {After this
the game peters out to be a draw.} (20. Nd6 Qxa2 21. Rcxa2 Rxd6 22. Bxa6 Nxg3
23. hxg3 e5 $11) (20. Nd2 $1 Rxc2 21. Qxc2 Rc8 22. Qb2 Bxe2 23. Nxe4 Qxe4 24.
Qxe2 Rc2 25. Qb5 Qd5 {might have won some tempi compared the game.}) 20... Rxc2
21. Qxc2 Rc8 22. Qb2 Bxe2 23. Nxd7 Qxd7 (23... Ba6 $142 24. f3 Qxd7 25. fxe4
Bd3 26. d5 exd5 27. Qe5 Bxe4 28. Qxg5+ Kf8 29. Be5 Qe6 {looks more than
defendable for Black according to computer.}) (23... Bd3 24. Ne5 $14) 24. Qxe2
Rc3 25. Qb5 ({After pondering about} 25. h4 {quite some time.} Nxg3 26. fxg3
Qd5 {I have considered the line risky.} 27. Rf1 Qe4 28. Qh5 Qxe3+ 29. Rf2 Rc1+
30. Kh2 Qxf2 31. Qxg5+ Kf8 32. Qd8+ $11) 25... Qxb5 {Accompanied with a draw
offer.} (25... Qc6 $5 26. Qxc6 Rxc6 27. Bb8 a6 28. g4 Rc2 29. Bg3 $11) 26. axb5
Nxg3 27. hxg3 Rb3 ({He obviously seen but did not like the line with} 27... g4
28. Kf1 Rb3 29. Rxa7 Rxb5 30. Ra2 {presumably because of the pawn structure.})
28. g4 Rxb5 29. Rxa7 e5 30. dxe5 Rxe5 31. Rb7 (31. Kh2 Re6 32. Rb7 h6 33. Kg3
Rf6 34. f3 Kg7 35. e4 Rc6 $11 {goes nowhere either!}) 31... Re4 32. Rxb6
1/2-1/2

[Event "Mediterranean-ch 3rd"]
[Site "Antalya"]
[Date "2006.02.05"]
[Round "7"]
[White "Sulypa, Oleksandr"]
[Black "Atalik, Suat"]
[Result "1/2-1/2"]
[WhiteElo "2479"]
[BlackElo "2618"]
[Annotator "Atalik,S"]
[PlyCount "76"]
[EventDate "2006.02.01"]
[EventType "swiss"]
[EventRounds "9"]
[EventCountry "TUR"]
[SourceTitle "CBM 110 Extra"]
[Source "ChessBase"]
[SourceDate "2006.03.10"]
[SourceVersion "2"]
[SourceVersionDate "2006.03.10"]
[SourceQuality "1"]

1. c4 e6 2. Nf3 d5 3. d4 Nf6 4. Nc3 c6 5. Bg5 Nbd7 6. e3 Qa5 7. Nd2 Bb4 8. Qc2
O-O 9. Be2 c5 10. O-O cxd4 11. Nb3 Qb6 12. exd4 dxc4 13. Bxc4 Qc7 14. Qe2 (14.
Bd3 Bd6 $13) 14... Bxc3 15. bxc3 Ne4 $6 {This move is really risky in deed.} (
15... b6 16. Bd3 Bb7 17. c4 h6 18. Bh4 Qf4 19. Bg3 Qg4 $132 {is normal.}) 16.
Qxe4 Qxc4 17. Rae1 (17. Rfe1 Re8) 17... Re8 18. Qf3 $6 {White does not show
the best attacking skills as expected from this guy.} (18. Re3 $5 $40) 18... f6
19. Bf4 $6 (19. Bh4 Nf8 (19... Ne5 20. dxe5 Qxh4 21. Re4 Qg5 22. Rfe1 $16) 20.
Nd2 Qc6 $14) 19... Nb6 20. Nd2 Qd5 21. Qg3 Nc4 22. Nxc4 $2 {Exchanging the
knights helps only black.} (22. Ne4 Kh8 $13) 22... Qxc4 23. h4 Bd7 24. h5 Qxa2
25. h6 g6 26. Bd6 Qd5 27. Re3 $44 {Despite of losing a pawn white still gets
play.} Rad8 28. Ba3 (28. Rf3 $6 Bc6 29. Rxf6 Qxg2+ (29... Qxd6 $4 30. Rxg6+ Kh8
31. Qg5 $1 $18) 30. Qxg2 Bxg2 31. Kxg2 Rxd6 $17) 28... Bc6 29. Rfe1 (29. Rf3 $2
Qg5 30. Qxg5 fxg5 31. Rg3 e5 $19) 29... Qd7 (29... Rd7 $2 30. Rxe6 Rxe6 31.
Rxe6 Qxe6 32. Qb8+ Rd8 33. Qxd8+ Be8 34. c4 $16) 30. Qf4 Qf7 $2 $138 {The
position is really sharp and I did not know what to do.Decentralising the
queen is a bad idea.} (30... Kf7 31. Rg3 $44) 31. c4 b5 32. cxb5 (32. d5 e5)
32... Bxb5 33. Rc3 $1 g5 34. Qe3 e5 (34... Rc8 35. Rec1 Rxc3 36. Rxc3 $44) 35.
dxe5 Rxe5 36. Qc1 Rxe1+ 37. Qxe1 Ba4 38. Rc1 Re8 $16 {White is obviously
better but a draw is always a good result for this chicken!} (38... Qe8 $2 39.
Be7 $1 $18 (39. Qe7 $2 Qxe7 40. Bxe7 Rd1+ 41. Rxd1 Bxd1 $11)) 1/2-1/2

[Event "EU-Cup 21st"]
[Site "Saint Vincent"]
[Date "2005.09.24"]
[Round "7.1"]
[White "Mamedyarov, Shakhriyar"]
[Black "Gurevich, Mikhail"]
[Result "1/2-1/2"]
[WhiteElo "2646"]
[BlackElo "2669"]
[Annotator "Babula,V"]
[PlyCount "109"]
[EventDate "2005.09.18"]
[EventType "team-swiss"]
[EventRounds "7"]
[EventCountry "ITA"]
[SourceTitle "CBM 110"]
[Source "ChessBase"]
[SourceDate "2006.01.31"]
[SourceVersion "1"]
[SourceVersionDate "2006.01.31"]
[SourceQuality "1"]
[WhiteTeam "Istanbul"]
[BlackTeam "Eynatten"]
[WhiteTeamCountry "TUR"]
[BlackTeamCountry "BEL"]

1. d4 {Gurevich,M} d5 2. c4 c6 3. Nc3 Nf6 4. Nf3 e6 5. Bg5 Nbd7 6. e3 Qa5 7.
Nd2 Bb4 8. Qc2 O-O 9. Be2 c5 10. Nb3 Qa4 11. Bxf6 Nxf6 12. dxc5 dxc4 13. Bxc4
Qc6 14. O-O Bxc5 15. Nxc5 Qxc5 16. Ne4 Nxe4 17. Qxe4 Qb6 {Annotations to the
opening phase, see the game Sokolov,I-Dreev,A/Stepanakert 2005/CBM 110_01/
[Babula]} 18. Rfd1 $5 {A new attempt, White sacrifices a pawn with the idea to
stop the development of Black's Bc8.} (18. Rad1 {Gurevich,M} Qxb2 19. Rd4 Qa3
20. Rfd1 Qe7 21. h4 Qf6 22. h5 Rb8 23. h6 g6 24. Bb3 b5 25. Rd8 Rxd8 26. Rxd8+
Qxd8 27. Qe5 f6 28. Qxb8 Qd7 29. g4 $44 {1/2-1/2 Van Wely,L-Bacrot,E/
Gothenburg 2005/Mega2006 (41)}) 18... Qxb2 19. Rab1 Qf6 {A natural retreat,
good enough to maintain equality.} ({But Black could play also} 19... Qa3 $5
$44 {to avoid White's next text move. The position of his king is slightly
insecure then, but there is no clear way how to exploit it and White should
prove that he has enough compensation for the sacrificed pawn.}) 20. Ba6 $1 {
In the further play Black made some inaccuracies and finally he lost the pawn.}
Rb8 $6 ({To completely drawish position led} 20... e5 $5 21. Bxb7 Bf5 22. Qa4
Bxb1 23. Bxa8 Bxa2 $1 $11 24. Qxa7 $11) 21. Bxb7 Bxb7 (21... Rd8 $142 {
Gurevich,M}) 22. Rxb7 Rxb7 $6 (22... a5 $142 $5 $11) 23. Qxb7 Rd8 24. Rd4 $1 e5
(24... Rxd4 $6 {Gurevich,M} 25. exd4 g6 26. Qxa7 $14) (24... a5 $5 {Gurevich,M}
25. Qb6 Rxd4 26. exd4 g6 27. Qxa5 Qxd4 $11) 25. Rd5 $1 h5 $1 (25... Rxd5 {
Gurevich,M} 26. Qxd5 h5 27. Qa8+ Kh7 28. Qxa7 $16) 26. e4 $5 h4 27. h3 (27.
Qxa7 {Gurevich,M} Rc8 $132) 27... g6 $5 (27... Re8 $142 $5 28. Qxa7 Qf4 $14) (
27... Rxd5 {Gurevich,M} 28. exd5 (28. Qxd5 Qe7 $11) 28... e4 29. Qc7 (29. Qxa7
Qa1+ 30. Kh2 Qe5+ $11) 29... Kh7 30. Qc1 $1 Qe5 (30... Qd4 31. Qg5) 31. Qd1 $16
) 28. Qxa7 $6 (28. Rxd8+ $5 Qxd8 29. Qxa7 $16 Qd2 {Gurevich,M} 30. Qb8+ Kh7 31.
Qxe5 Qxa2 32. Qf4 $18) 28... Rc8 $14 {Although Black is one pawn down, he has
still good chances for a draw as White's king is weak and due to the
well-known drawish tendencies of rook endings. Finally he managed to hold the
game.} 29. Qe3 Rc2 30. a3 Ra2 $132 31. g3 $5 Qe7 32. Rd3 (32. gxh4 {Gurevich,M}
Rxa3 33. Qg5 Qxg5+ 34. hxg5 Rxh3 $11) 32... Kg7 33. Kg2 hxg3 34. Qxg3 Re2 35.
Re3 Rc2 36. h4 $5 {Gurevich,M: '[/\37.h5|^>>]'} Rc6 $138 (36... Kh7 $142 {
Gurevich,M}) 37. Qg5 Qf6 (37... Qxg5+ {Gurevich,M} 38. hxg5 $16) 38. Qg4 (38.
Rf3 {Gurevich,M} Qxg5+ 39. hxg5 Rc4 40. Re3 f6 41. gxf6+ Kxf6 42. Kf3 Kg5 43.
Rb3 Ra4 $14) 38... Rc4 $5 39. h5 Qf4 $1 40. Qxf4 (40. Qe2 $142 $14 {Gurevich,M}
) 40... exf4 41. Rb3 gxh5 42. Kf3 Rc2 $11 43. a4 Ra2 44. Kxf4 (44. Rb4 {
Gurevich,M} h4 45. Kxf4 Rxf2+ 46. Kg4 Ra2 47. Kxh4 Kf6 $11) 44... Rxa4 45. Kf5
Ra6 46. e5 h4 47. f4 Rh6 48. Rh3 Rh5+ 49. Kg4 Kg6 50. Rc3 h3 $1 51. Rc6+ f6 52.
Rc1 (52. Rxf6+ {Gurevich,M} Kg7 53. Kxh5 h2 $15) 52... h2 53. Rh1 fxe5 54. fxe5
Rxe5 55. Rxh2 1/2-1/2

[Event "EU-Cup 21st"]
[Site "Saint Vincent"]
[Date "2005.09.20"]
[Round "3.1"]
[White "Ruck, Robert"]
[Black "Dreev, Alexey"]
[Result "1/2-1/2"]
[WhiteElo "2546"]
[BlackElo "2698"]
[Annotator "Babula,V"]
[PlyCount "64"]
[EventDate "2005.09.18"]
[EventType "team-swiss"]
[EventRounds "7"]
[EventCountry "ITA"]
[SourceTitle "CBM 110"]
[Source "ChessBase"]
[SourceDate "2006.01.31"]
[SourceVersion "1"]
[SourceVersionDate "2006.01.31"]
[SourceQuality "1"]
[WhiteTeam "Sarajevo Zeljeznicar"]
[BlackTeam "Cheliabinsk"]
[WhiteTeamCountry "BIH"]
[BlackTeamCountry "RUS"]

1. Nf3 d5 2. d4 Nf6 3. c4 c6 4. Nc3 e6 5. Bg5 Nbd7 (5... h6 {was Dreev's
choice in recent years.}) 6. e3 Qa5 {[%cal Ga5e1,Yf6e4] Cambridge Springs is
his new weapon since 2004. The main idea of that opening is an immediate
pressure on White's pinned Nc3. Sometimes Black can also profit from insecure
position of White's Bg5.} 7. cxd5 Nxd5 8. Qd2 Bb4 9. Rc1 h6 {As White's
dark-squared B is now on g5 secured enough, Black makes this useful move.} 10.
Bh4 c5 11. a3 {The principal continuation aimed against the creation of the
isolated pawn after the exchange cxd4, exd4.} Bxc3 12. bxc3 b6 {Black finishes
his development,} ({accepting the pawn sacrifice is very risky:} 12... Qxa3 $6
13. e4 N5f6 14. Bd3 Qa5 15. d5 $1 $36 {1-0 Petursson,M-Halasz,T/Naestved 1988/
EXT 2000 (26)}) 13. Bd3 {White has here also other options, it is still not
clear which one is the most promising.} (13. e4 N5f6 14. Bd3 Bb7 15. d5 c4 16.
Bc2 exd5 17. e5 Ne4 18. Bxe4 dxe4 19. e6 O-O 20. Qxd7 exf3 21. Qxb7 Qe5+ 22.
Kf1 Qf4 23. exf7+ Kh7 24. Re1 fxg2+ 25. Kxg2 Qxh4 26. Rhg1 Rad8 27. Re3 Qg4+ {
1/2-1/2 Ivanisevic,I-Sedlak,N/Herceg Novi 2001/CBM 082 ext}) (13. c4 Qxd2+ 14.
Nxd2 Ne7 15. f3 Ba6 16. Be2 Rc8 17. O-O Nf5 18. Bf2 Ke7 19. Rfe1 g5 20. Bf1 Nd6
21. a4 Rhd8 22. Rc3 Nf6 23. Rc2 Nd7 24. Rec1 Nb8 25. a5 cxd4 26. axb6 axb6 27.
exd4 b5 28. c5 Nf5 29. Ra2 Nxd4 30. Ne4 e5 31. f4 gxf4 32. Bh4+ Ke6 33. Bxd8
Rxd8 34. c6 Rc8 35. c7 {1-0 Grischuk,A-Dreev,A/Poikovsky 2005/CBM 106/
[Erenburg]}) 13... Ba6 {Logical continuation as the exchange of light-squared
bishops is strategically advantageous for Black.} (13... Bb7 {is also playable.
}) 14. c4 {White keeps his Bd3 and hopes for strength of his pair of bishops
in the arising endgame.} ({But} 14. O-O {is more frequent option.}) 14... Qxd2+
15. Kxd2 $6 {Most probably a novelty,} ({but} 15. Nxd2 $142 {is surely better.
The d2 square is good for White's N and moreover White can protect his
dark-squared B from exchange by f2-f3 and Bh4-f2.} N5f6 16. O-O O-O 17. Rfd1
cxd4 18. exd4 e5 19. Bxf6 gxf6 20. Bf5 Rfd8 21. Ne4 Kg7 22. c5 exd4 23. c6 Nc5
24. c7 Rd5 25. Nxc5 Rxc5 26. Rxc5 bxc5 27. Rb1 Re8 28. Bd7 Re7 29. c8=Q Bxc8
30. Bxc8 d3 31. Ba6 d2 32. Kf1 c4 33. Bxc4 Rc7 34. Ke2 Rxc4 35. Kxd2 Ra4 36.
Rb3 f5 37. Kc2 Kf6 38. Kd2 Ke5 {1/2-1/2 Bacrot,E-Krasenkow,M/Izmir 2004/CBM
104 no vc}) 15... N5f6 16. Rhd1 Bb7 17. Ke2 cxd4 18. exd4 Nh5 $1 {[%cal Yg7g5]
This way Black exchanges White's Bh4 and equalizes.} 19. Ke3 g5 20. Bg3 Nxg3
21. hxg3 Ke7 $11 22. c5 Rac8 23. Bb5 Bc6 24. cxb6 $4 (24. Bxc6 $11) 24... Bxf3
$4 {I think that both blunders are mistakes in the notation of the game.} (
24... Bxb5 $19) 25. Kxf3 axb6 26. Rxc8 Rxc8 27. Bxd7 Kxd7 28. d5 Rc3+ 29. Kg4
Rxa3 30. dxe6+ Kxe6 31. Rh1 $6 ({Also here I believe it was played} 31. Rb1 {
instead of the text move and then} Ra6 32. Kh5 Ra2 $11) 31... Ra6 32. Kh5 Ra2
1/2-1/2

[Event "Corus"]
[Site "Wijk aan Zee"]
[Date "2006.01.21"]
[Round "7"]
[White "Ivanchuk, Vassily"]
[Black "Bacrot, Etienne"]
[Result "1/2-1/2"]
[WhiteElo "2729"]
[BlackElo "2717"]
[Annotator "Babula,V"]
[PlyCount "85"]
[EventDate "2006.01.14"]
[EventType "tourn"]
[EventRounds "13"]
[EventCountry "NED"]
[EventCategory "19"]
[SourceTitle "CBM 111"]
[Source "ChessBase"]
[SourceDate "2006.04.04"]
[SourceVersion "1"]
[SourceVersionDate "2006.04.04"]
[SourceQuality "1"]

{[%mdl 256]} 1. d4 d5 2. Nf3 Nf6 3. c4 c6 4. Nc3 e6 5. Bg5 Nbd7 6. e3 Qa5 7.
Nd2 Bb4 8. Qc2 O-O 9. Be2 c5 10. O-O ({Other option is} 10. Nb3 Qa4 11. Bxf6
Nxf6 12. dxc5 dxc4 13. Bxc4 Qc6 14. O-O Bxc5 15. Nxc5 Qxc5 16. Ne4 Nxe4 17.
Qxe4 {1/2-1/2 Sokolov,I-Dreev,A/Stepanakert 2005/CBM 110/[Babula] (28)}) 10...
cxd4 11. Nb3 (11. exd4 $143 $6 dxc4 {[%csl Rg5][%cal Ya5g5]}) 11... Qb6 12. Na4
{White wants to avoid the isolated d4 pawn.} ({Immediate} 12. Nxd4 $143 $6 {
is worse because of} Bxc3 {and White has to compromise his pawn structure} 13.
bxc3 (13. Qxc3 $4 Ne4 {[%csl Rc3,Rg5]})) (12. exd4 dxc4 13. Bxc4 Qc7 $11 {
1-0 Azmaiparashvili,Z-Ivanchuk,V/Tilburg 1994/CBM 044/[Hansen,Cu] (33)}) 12...
Qc7 13. Nxd4 dxc4 14. Bxc4 ({In the recent game of the same opponents Ivanchuk
continued} 14. Qxc4 Qxc4 15. Bxc4 Ne5 16. Bb5 Bd7 17. Bxf6 {1/2-1/2 Ivanchuk,
V-Bacrot,E/Saint Vincent 2005/CBM 110}) {It threatens Nd4xe6.} 14... Bd6 {
Black defends his queen and at the same time he attacks the h2 pawn.} (14...
Ne5 $2 {is a mistake losing a pawn:} 15. Bxe6 $1 $16 {1/2-1/2 Flumbort,
A-Volkmann,F/Zalakaros 1997/EXT 2001 (48)}) 15. Rac1 $5 {White acts
energetically and sacrifices a pawn,} ({as after quiet} 15. h3 a6 $11 {Black
has no problems.}) 15... Bxh2+ 16. Kh1 Bd6 $1 {The best, other moves are
weaker.} 17. Nb5 ({Due to the weak king White can't play} 17. Nxe6 $2 Qa5 $1)
17... Qb8 18. Be2 {[%cal Ye2f3] White is in no hurry to take Black's bishop as
it can't escape. He transfers his bishops to f3 to pressure against Black's
queenside.} a6 19. Nxd6 Qxd6 20. Rfd1 $44 {White has an excellent compensation,
his army is fully mobilized and he has the strong pair of bishops.
Neutralizing of White's initiative requires from Black patient and precise
play.} Qb4 21. Rd4 Qa5 22. Bf4 $1 Re8 (22... e5 $2 23. b4 Qd8 24. Bxe5) 23. b4
Qf5 24. Qxf5 exf5 {The exchange of the queens eases Black's defensive task.
But on the other hand it compromises his pawn structure.} 25. Bf3 {[%cal Gf3a8]
} h6 {[%cal Yg7g5] Black prepares the advance of his g pawn to discomfort
White's bishops.} 26. Rc7 g5 27. Bg3 (27. Bd6 $143 $6 Ne4) 27... Rb8 $1 {
[%mdl 256] Black stays cool and defends precisely! He moves his rook quietly
under x-rays of White's Bg3 and prepares Nd7-f8 to liberate his position.} ({
Direct} 27... Nf8 $2 {is bad because of} 28. Nb6) 28. Nc3 Nf8 $1 29. Rd1 Ne6 (
29... f4 $2 {plays into White's hands} 30. exf4 $16 Ne6 $140 (30... gxf4 31.
Bxf4 Ne6 32. Rxf7) 31. fxg5) 30. Rxf7 Kxf7 31. Bxb8 {White has gained the
sacrificed pawn back but has lost his initiative.} g4 $1 32. Be2 Ng5 33. Kg1
Be6 $11 {Black has finished the development, the position is equal.} 34. Be5
Rc8 35. f3 gxf3 36. gxf3 Nd7 37. Bd4 Bc4 {Black eliminates White's pair of
bishops.} 38. Kf2 Bxe2 39. Nxe2 (39. Kxe2 Ne6 $11) 39... Rc2 40. a4 Nf8 41. Rc1
Rxc1 42. Nxc1 Nge6 43. Nd3 1/2-1/2